Finanční cíle a cenové rozhodování podniku.
Možnosť využívania výhod kalkulácie neúplných nákladov. Celkové špecifické náklady na výrobok (priame náklady, variabilná réžia, špecifické fixné náklady). Význam cenových rozhodnutí pre finančné hospodárenie podniku.
Enregistré dans:
| Auteur principal: | |
|---|---|
| Format: | Chapitre de livre |
| Langue: | tchèque |
| Sujets: | |
| Tags: |
Pas de tags, Soyez le premier à ajouter un tag!
|
MARC
| LEADER | 00000naa a2200000 4500 | ||
|---|---|---|---|
| 001 | r009100 | ||
| 005 | 20220831090322.9 | ||
| 041 | 0 | |a cze | |
| 044 | |a [CS] | ||
| 245 | 1 | 0 | |a Finanční cíle a cenové rozhodování podniku. |c Rolf Grünwald |
| 520 | |a Možnosť využívania výhod kalkulácie neúplných nákladov. Celkové špecifické náklady na výrobok (priame náklady, variabilná réžia, špecifické fixné náklady). Význam cenových rozhodnutí pre finančné hospodárenie podniku. | ||
| 610 | 2 | 0 | |a ceny podnikové |
| 610 | 2 | 0 | |a hospodárenie podnikové |
| 610 | 2 | 0 | |a hospodárenie finančné |
| 610 | 2 | 0 | |a kalkulácia nákladov |
| 610 | 2 | 0 | |a náklady výrobné |
| 610 | 2 | 0 | |a tvorba cien |
| 100 | 1 | |a Grünwald, Rolf | |